| 000 | 00537nam a2200181Ia 4500 | ||
|---|---|---|---|
| 999 |
_c35475 _d35475 |
||
| 003 | OSt | ||
| 005 | 20201016141754.0 | ||
| 008 | 190216s9999||||xx |||||||||||||| ||und|| | ||
| 020 | _a0709916434 | ||
| 040 | _coclc | ||
| 082 |
_a373.181 _bLIN/P |
||
| 100 |
_aLindsay, Geoff _95827 |
||
| 245 | 0 |
_aProblems Of Adolescence In The Secondary School / _cGeoff Lindsay |
|
| 260 |
_bCroom Helm, _c1983. _aLondon : |
||
| 300 | _a268p | ||
| 650 | _aGeneral Collections | ||
| 942 |
_cBK _2ddc _h373.181 _iLIN/P _k373.181 _mLIN/P |
||